000 00272nam a2200109Ia 4500
008 220204s9999 xx 000 0 und d
082 _a159.9
_bVIS
100 _aViscott, David
245 0 _aHow to live with another person
260 _aNew York
_bPocket
_c1977
942 _cBK
999 _c32126
_d32126